Basic Arsenal Quiz - Statistics

General Stats
  • This quiz has been taken 98 times
  • The average score is 6 of 13
Answer Stats
Questions Answer % Correct
What is the nickname to Arsenal The Gunners
98%
Who is the all-time topscorer to Arsenal Thierry henry
96%
How many PREMIER LEAGUES have Arsenal won 3
73%
Who have played most games as a manger for Arsenal Arsene Wenger
72%
How many FA Cups have Arsenal won 14
69%
In which year was Arsenal founded 1886
43%
What is the name to the Arsenal stadium Emirates Stadium
40%
How many major trophies have Arsenal won 31
35%
Who have played most games for Arsenal Tony Adams
32%
Who is the biggest rival to Arsenal Tottenham Hot Spurs
28%
name one of Arsenals former names Dial Square/Royal Arsenal/Woolwhich Arsenal
21%
who founded Arsenal Workers of Royal Arsenal
1%
What is the most famous Arsenal song Arsenal, We Are on You Side
0%
No matching quizzes found
Score Distribution
Percent of People with Each Score
Percentile by Number Answered
Your Score History
You have not taken this quiz